| 000 | 00440 a2200157 4500 | ||
|---|---|---|---|
| 003 | NUST | ||
| 005 | 20230321125948.0 | ||
| 040 | _cNust | ||
| 082 | _a954.91,HUS | ||
| 100 |
_aHussan ,Burhanuddin _9110865 |
||
| 245 |
_aPes-e-Parda / پس پردہ (Urdu) / _c Burhanuddin Hussan |
||
| 260 |
_aLahore _bJang Publisher _c2005 |
||
| 300 | _a244:p. | ||
| 650 |
_aPakistan and un Control of Media (Urdu) _9110866 |
||
| 942 |
_2ddc _cBK _k954.91,HUS |
||
| 999 |
_c188143 _d188143 |
||